01324cam a2200301 a 4500999001700000001000700017005001700024008004100041010001700082020002800099040001800127043001200145050002300157100001900180245010300199260003300302300003500335440006400370504006600434650005900500650007200559650007200631650005900703651005300762906004500815942003500860952012700895 c27019d2701965214020170207104232.0940322s1997 nyua b 001 0 eng  a 94014488  a082042515X (alk. paper) aDLCcDLCdDLC an-cn-qu00aNA747.Q4bG75 19971 aGrignon, Marc.10aLoing du Soleil :barchitectural practice in Quebec City during the French regime /cMarc Grignon. aNew York :bP. Lang,cc1997. axiii, 295 p. :bill. ;c24 cm. 0aAmerican university studies.nSeries IX,pHistory ;vv. 165 aIncludes bibliographical references (p. [213]-239) and index. 0aArchitects and patronszQuébec (Province)zQuébec. 0aArchitecturezQuébec (Province)zQuébecxHistoryy17th century. 0aArchitecturezQuébec (Province)zQuébecxHistoryy18th century. 0aArchitecture, ColonialzQuébec (Province)zQuébec. 0aQuébec (Québec)xBuildings, structures, etc. a7bcbccorignewd1eocipf19gy-gencatlg 2lcccBOOKShNC 747 .Q4G75 1997 00102lcc4070aMUCbMUCcTECHd2017-02-07eDonation (B.F.A)l0oNC 747 .Q4G75 1997p33932r2018-05-31w2017-02-07yBOOKS